00451nam a2200121Ia 4500008004100000082001400041100001000055245006900065260005100134365000600185630006900191730006900260100415s9999 xx 000 0 und d b4168a500 aP.N.I aProceedings Of The National Institute Of Sciences Of India Vol.3 aCalcattac1937bNational Institute Of Sciences b0 aProceedings Of The National Institute Of Sciences Of India Vol.3 aProceedings Of The National Institute Of Sciences Of India Vol.3